[Event "San Francisco Benson Memorial"]
[Site "San Francisco"]
[Date "2016.09.06"]
[Round "6"]
[White "Enkh, Tergelsar"]
[Black "Yanofsky, Kevin"]
[Result "0-1"]
[WhiteElo "1208"]
[BlackElo "1445"]
[PlyCount "60"]
[EventDate "2016.08.02"]
[EventType "swiss"]
[EventRounds "9"]
[EventCountry "USA"]
[SourceTitle "EXT 2018"]
[Source "ChessBase"]
[SourceDate "2017.10.13"]
[SourceVersion "1"]
[SourceVersionDate "2017.10.13"]
[SourceQuality "1"]

1. e4 c5 2. Nf3 g6 3. d4 cxd4 4. Nxd4 Nc6 5. Nb3 Bg7 6. c3 Nf6 7. Bd3 0-0 8. Be3 d5 9. N1d2 Ne5 10. Bc2 b6 11. f3 Ba6 12. Nd4 Rc8 13. N2b3 dxe4 14. Bxe4 Nxe4 15. fxe4 Nc4 16. Bc1 e5 17. Nf3 Qxd1+ 18. Kxd1 Rfd8+ 19. Kc2 Rc7 20. Rd1 Rxd1 21. Kxd1 Bb7 22. Nfd2 Ne3+ 23. Ke2 Nxg2 24. Kf3 Nf4 25. Nf1 Ne6 26. Ng3 Bf8 27. Be3 Rd7 28. Ke2 h5 29. Rd1 Rxd1 30. Kxd1 h4 0-1

[Event "San Francisco TNM Summer op"]
[Site "San Francisco"]
[Date "2016.07.12"]
[Round "8"]
[White "Olson, David R"]
[Black "Enkh, Tergelsar"]
[Result "1-0"]
[WhiteElo "1400"]
[BlackElo "1205"]
[PlyCount "51"]
[EventDate "2016.05.24"]
[EventType "swiss"]
[EventRounds "8"]
[EventCountry "USA"]
[SourceTitle "EXT 2018"]
[Source "ChessBase"]
[SourceDate "2017.10.13"]
[SourceVersion "1"]
[SourceVersionDate "2017.10.13"]
[SourceQuality "1"]

1. e4 e5 2. Nc3 Nf6 3. Nf3 Nc6 4. Bc4 Bc5 5. Nd5 Nxe4 6. 0-0 Nf6 7. Re1 d6 8. d4 Bxd4 9. Nxd4 Nxd4 10. Qxd4 0-0 11. Qh4 Nxd5 12. Qxd8 Rxd8 13. Bxd5 c6 14. Bb3 b5 15. Be3 a5 16. a4 b4 17. Rad1 d5 18. Bc5 d4 19. Rxe5 Ba6 20. Rxd4 Rxd4 21. Bxd4 Rd8 22. c3 Ra8 23. Re7 Kf8 24. Rxf7+ Ke8 25. Rxg7 Bd3 26. Rg8+ 1-0

[Event "San Francisco TNM Spring op"]
[Site "San Francisco"]
[Date "2016.05.03"]
[Round "8"]
[White "Abraham, Michael David"]
[Black "Enkh, Tergelsar"]
[Result "0-1"]
[WhiteElo "1549"]
[BlackElo "1081"]
[PlyCount "68"]
[EventDate "2016.03.15"]
[EventType "swiss"]
[EventRounds "8"]
[EventCountry "USA"]
[SourceTitle "EXT 2018"]
[Source "ChessBase"]
[SourceDate "2017.10.13"]
[SourceVersion "1"]
[SourceVersionDate "2017.10.13"]
[SourceQuality "1"]

1. d4 d5 2. c4 c6 3. Nf3 Nf6 4. Bg5 Bg4 5. e3 e6 6. Nc3 Be7 7. Be2 Nbd7 8. 0-0 dxc4 9. Bxc4 0-0 10. Re1 Rc8 11. h3 Bh5 12. Be2 Nd5 13. Bxe7 Qxe7 14. e4 N5b6 15. a4 Nf6 16. a5 Nbd7 17. Qd3 Rfd8 18. Nd2 Bg6 19. Qg3 e5 20. d5 cxd5 21. Nxd5 Nxd5 22. exd5 f6 23. Bc4 Qb4 24. Qc3 Qxc3 25. bxc3 Nc5 26. Rac1 Bd3 27. Ba2 Bb5 28. Ne4 Nd3 29. d6+ Kf8 30. d7 Bxd7 31. Nd6 Rc7 32. Red1 Nxc1 33. Nb5 Bxb5 34. Rxd8+ Ke7 0-1

[Event "San Francisco TNM Spring op"]
[Site "San Francisco"]
[Date "2016.04.26"]
[Round "7"]
[White "Enkh, Tergelsar"]
[Black "Rakonitz, David"]
[Result "0-1"]
[WhiteElo "1081"]
[BlackElo "1660"]
[PlyCount "56"]
[EventDate "2016.03.15"]
[EventType "swiss"]
[EventRounds "8"]
[EventCountry "USA"]
[SourceTitle "EXT 2018"]
[Source "ChessBase"]
[SourceDate "2017.10.13"]
[SourceVersion "1"]
[SourceVersionDate "2017.10.13"]
[SourceQuality "1"]

1. e4 e6 2. d4 d5 3. Nc3 dxe4 4. Nxe4 Nd7 5. Nf3 Ngf6 6. Bd3 c5 7. Qe2 cxd4 8. Nxd4 Be7 9. 0-0 0-0 10. Bf4 e5 11. Be3 exd4 12. Bxd4 Qc7 13. c3 Re8 14. f3 b6 15. Rfe1 Bb7 16. Rad1 Kf8 17. Kf1 Qxh2 18. g4 Qxe2+ 19. Rxe2 Nxe4 20. Bxe4 Bxe4 21. Rxe4 Bg5 22. Rxe8+ Rxe8 23. Re1 Rxe1+ 24. Kxe1 g6 25. Ke2 Ke7 26. Kd3 Kd6 27. Kc4 Kc6 28. a4 a6 0-1

[Event "San Francisco TNM Fall op"]
[Site "San Francisco"]
[Date "2015.12.15"]
[Round "9"]
[White "Enkh, Tergelsar"]
[Black "Nassif, Wassim J"]
[Result "1-0"]
[WhiteElo "1342"]
[BlackElo "1368"]
[PlyCount "111"]
[EventDate "2015.10.20"]
[EventType "swiss"]
[EventRounds "9"]
[EventCountry "USA"]
[SourceTitle "EXT 2023"]
[Source "ChessBase"]
[SourceDate "2022.10.05"]
[SourceVersion "1"]
[SourceVersionDate "2022.10.05"]
[SourceQuality "1"]

1. e4 e5 2. Nf3 Nc6 3. Bc4 d6 4. h3 Nf6 5. Nc3 Qe7 6. Nd5 Nxd5 7. Bxd5 Be6 8. 0-0 Bxd5 9. exd5 Nb8 10. d4 Qd7 11. Re1 Be7 12. dxe5 0-0 13. c4 c6 14. Bf4 dxe5 15. Nxe5 Qf5 16. Qd4 c5 17. Qe4 Qxe4 18. Rxe4 Bf6 19. Rb1 Re8 20. Rbe1 Re7 21. b3 Bxe5 22. Rxe5 Rxe5 23. Rxe5 Nd7 24. Re7 Nf6 25. Bg5 b6 26. Bxf6 gxf6 27. d6 Kf8 28. Re2 Rd8 29. Rd2 Ke8 30. g4 Kd7 31. a3 Kc6 32. f4 Rxd6 33. Rxd6+ Kxd6 34. Kg2 a6 35. g5 b5 36. cxb5 axb5 37. Kg3 Kd5 38. gxf6 Kd4 39. b4 Kc4 40. bxc5 Kxc5 41. Kg4 Kc4 42. Kh5 Kb3 43. Kh6 Kxa3 44. Kxh7 b4 45. Kg7 b3 46. Kxf7 b2 47. Kg7 b1Q 48. f7 Qb7 49. Kg8 Qd5 50. Kg7 Qd7 51. h4 Kb4 52. h5 Kc5 53. h6 Qg4+ 54. Kh8 Qg6 55. f8Q+ Kd5 56. Qg8+ 1-0